| 000 | 00458pab a2200169 454500 | ||
|---|---|---|---|
| 008 | 180718b2001 xxu||||| |||| 00| 0 eng d | ||
| 100 | _aStephenson, Svetlana | ||
| 245 | _aStreet children in Moscow: using and creating social capital | ||
| 260 | _c2001 | ||
| 300 | _ap.530-47 | ||
| 362 | _aNov | ||
| 650 | _aSocial capital - Russia | ||
| 650 | _aStreet children - Russia | ||
| 650 | _aStreet children | ||
| 773 | _aSociological Review | ||
| 909 | _a51623 | ||
| 999 |
_c51623 _d51623 |
||